000 00351 a2200145 4500
001 156323
040 _cEscola São Tomás de Aquino
100 _aGARBUGLIO, José Carlos
240 1 0 _aMelhores poemas de Gonçalves Dias
_lpor
245 1 0 _aMelhores poemas de Gonçalves Dias
300 _a154
362 0 _a2001
697 _aPoesia
942 _cBK
999 _c156323
_d156323